000 00953nam a2200241Ia 4500
003 GCL
008 140319s9999 xx 000 0 ara d
040 _aGCL /
_cGCL
082 0 4 _a190
_bل م
100 1 _aليمان، اوليفر
245 1 0 _aمستقبل الفلسفة فى القرن الواحد والعشرين ( عالم المعرفة 301 ) :
_bافاق جديدة للفكر الانسانى /
_cليمان، اوليفر
700 1 _aمصطفى محمود محمد
260 _aالكويت :
_bالمجلس الوطنى للثقافة والفنون والاداب ،
_c2004
300 _a278 ص ؛
_c20 سم
490 _aعالم المعرفة
_v301
650 0 4 _aالفلسفة العربية
650 0 4 _aالفلسفة الحديثة
650 0 4 _aالدين والفلسفة
650 0 4 _aالفلسفة - تاريخ
650 0 4 _aاللغة - فلسفة
650 0 4 _aالسياسة - فلسفة
942 _2ddc
_cBK
999 _c6790
_d6790